000 00545nam a2200193Ia 4500
008 151119s9999||||xx |||||||||||||| ||und||
082 _a891.463
082 _bGKKV18054
100 _aखोत चंद्रकांत
245 _aअनाथाचा नाथ
260 _a--
260 _b--
260 _c0
600 _aखोत चंद्रकांत
630 _aअनाथाचा नाथ
700 _aखोत चंद्रकांत
730 _aअनाथाचा नाथ
942 _cBOOK
999 _c1071146
_d1071143